[Event "Mittelfrankenliga-B2b 0607"]
[Site "Mittelfranken"]
[Date "2007.02.11"]
[Round "6.7"]
[White "Schiedeck, Lothar"]
[Black "Kollitz, Alexander"]
[Result "1/2-1/2"]
[WhiteElo "1571"]
[BlackElo "1554"]
[PlyCount "36"]
[EventDate "2006.10.22"]
[EventType "team-tourn"]
[EventRounds "9"]
[EventCountry "GER"]
[SourceTitle "EXT 2011"]
[Source "ChessBase"]
[SourceDate "2010.11.26"]
[SourceVersion "1"]
[SourceVersionDate "2010.11.26"]
[SourceQuality "1"]
[WhiteTeam "Rothenburg"]
[BlackTeam "Cadolzburg"]
[WhiteTeamCountry "GER"]
[BlackTeamCountry "GER"]

1. Nf3 Nf6 2. d4 e6 3. c4 b6 4. Nc3 Bb7 5. e3 d5 6. Be2 a6 7. b3 Bd6 8. 0-0 Nbd7 9. Bb2 0-0 10. Qc2 c5 11. Rad1 Qc7 12. h3 Rab8 13. Rc1 Rfc8 14. Qd1 Ra8 15. a4 Nb8 16. Na2 Nbd7 17. Re1 Ne4 18. Nc3 Ndf6 1/2-1/2